000 00461nam a2200169Ia 4500
008 090711s9999 xx 000 0 und d
082 _b15847
100 _aरांजणकर यशवंत
245 _aखानदान
260 _c1961
300 _a168
600 _aरांजणकर यशवंत
630 _aखानदान
700 _aरांजणकर यशवंत
730 _aखानदान
942 _cBOOK
999 _c313341
_d313341